[Event "CSR-ch"]
[Site "Luhacovice"]
[Date "1971.??.??"]
[Round "3"]
[White "Kolarov, Atanas S"]
[Black "Kupka, Slavoj"]
[Result "1-0"]
[WhiteElo "2435"]
[BlackElo "2375"]

1.d4 f5 2.c4 Nf6 3.g3 g6 4.Bg2 Bg7 5.Nf3 O-O 6.O-O d6 7.Nc3 c6 8.Qc2 Qc7
9.Rd1 e5 10.dxe5 dxe5 11.b3 Nh5 12.Ba3 Re8 13.Bd6 Qf7 14.e4 f4 15.c5 Na6
16.Ne2 h6 17.h3 fxg3 18.fxg3 g5 19.Rf1 Qe6 20.Rad1 Nb8 21.Nd2 Nd7 22.Nc4 Nf8
23.Ne3 Qg6 24.Nf5 Bf6 25.Rf2 Ne6 26.Re1 Neg7 27.Qd3 Be6 28.Nc3 Rad8 29.Kh2 Bc8
30.Qe2 Nxf5 31.exf5 Qf7 32.Ne4 Ng7 33.g4 Bd7 34.Qe3 Kh7 35.Rd1 Bc8 36.Bf1 Be7
37.Bc4 Qf8 38.f6 Bxd6 39.fxg7 Qxg7 40.Nf6+ Kh8 41.Nxe8  1-0

[Event "Esbjerg op"]
[Site "Esbjerg"]
[Date "1972.??.??"]
[Round "5"]
[White "Fedder, Steen"]
[Black "Sorensen, I."]
[Result "1-0"]
[WhiteElo "2370"]
[BlackElo "2300"]

1.d4 f5 2.g3 Nf6 3.Nf3 g6 4.Bg2 Bg7 5.O-O O-O 6.c4 d6 7.Qb3 c6 8.Rd1 Kh8
9.Nc3 Qc7 10.d5 Na6 11.Nd4 e5 12.dxe6 Nc5 13.Qc2 Qe7 14.Bf4 Nh5 15.Nxc6 Qxe6
16.Bxd6 Re8 17.Bxc5 Qxc4 18.Bd6 bxc6 19.Qa4 Qf7 20.Bxc6 Bb7 21.Bxe8 Rxe8
22.Rac1 f4 23.Bxf4 Nxf4 24.Qxf4 Qe6 25.e4 Rf8 26.Qe3 Qh3 27.Nd5 Be5  1-0

[Event "WchT U26"]
[Site "Graz"]
[Date "1972.??.??"]
[Round "8"]
[White "Birnboim, Nathan"]
[Black "Poulsen, Allan"]
[Result "1-0"]
[WhiteElo "2200"]
[BlackElo "2200"]

1.Nf3 g6 2.g3 f5 3.Bg2 Nf6 4.O-O Bg7 5.d4 O-O 6.c4 d6 7.Nc3 Nc6 8.Ne1 e5
9.Bxc6 bxc6 10.dxe5 Ng4 11.exd6 cxd6 12.Bf4 Ne5 13.Bxe5 Bxe5 14.Nf3 Bg7 15.Qd2 Qf6
16.Rfd1 Rb8 17.Na4 Rd8 18.Rac1 h6 19.Rc3 Rb4 20.Ra3 Rxc4 21.b3 Re4 22.Nc5 Ree8
23.Nd3 Qe7 24.e3 a6 25.Ra4 Bb7 26.Nh4 Qf7 27.Qa5 c5 28.Nxc5 Bc6 29.Rc4 Bd5
30.Rc2 g5 31.Ng2 Rc8 32.e4 Bxe4 33.Nxe4 Rxc2 34.Nxd6 Qd7 35.Ne3 Re5 36.Qxa6 Qc6
37.Qxc6 Rxc6 38.Ndxf5 Bf8 39.a4 Bc5 40.Kg2 Rb6 41.Rd3 Bxe3 42.Nxe3 Re8 43.Nd5 Rc6
44.b4 Re2 45.Re3 Rcc2 46.Rxe2 Rxe2 47.a5 Rd2 48.a6  1-0

[Event "Skopje ol (Men) fin-B"]
[Site "Skopje"]
[Date "1972.??.??"]
[Round "1"]
[White "Ogaard, Leif"]
[Black "Strobel, Ferdinand"]
[Result "1/2-1/2"]
[WhiteElo "2340"]
[BlackElo "2200"]

1.d4 f5 2.g3 Nf6 3.Bg2 g6 4.Nf3 Bg7 5.O-O O-O 6.c4 d6 7.Nc3 Nc6 8.d5 Ne5
9.Nxe5 dxe5 10.Be3 h6 11.Qb3 g5 12.Rad1 Kh8 13.c5 a6 14.Qa3 f4 15.Bc1 Ne8
16.Ne4 Bf5 17.b4 Qc8 18.Rfe1 Bh3 19.Bh1 Qf5 20.Rd3 Qg6  1/2-1/2

[Event "Skopje ol (Men) fin-B"]
[Site "Skopje"]
[Date "1972.??.??"]
[Round "6"]
[White "De Greiff, Boris"]
[Black "Strobel, Ferdinand"]
[Result "1/2-1/2"]
[WhiteElo "2370"]
[BlackElo "2200"]

1.d4 f5 2.Nf3 Nf6 3.g3 g6 4.Bg2 Bg7 5.O-O O-O 6.c4 d6 7.Nc3 Nc6 8.Qc2 e5
9.dxe5 dxe5 10.Rd1 Qe7 11.Nd5 Nxd5 12.cxd5 Nb4 13.Qb3 Qd6 14.Ng5 Bf6 15.Ne6 Rf7
16.Be3 b6 17.Rac1 Na6 18.Rc6 Qb4 19.Qxb4 Nxb4 20.Rxc7 Bxe6 21.dxe6 Rxc7 22.Bxa8 Re7
23.Bd2 Na6 24.Bh6 Nc7 25.Rd8+ Re8 26.Rxe8+ Nxe8 27.Bd5 Be7 28.e4 fxe4 29.h4 Nf6
30.Bc4 Ng4 31.Bg5 Kf8 32.Be2 Bxg5  1/2-1/2

[Event "CSR-ch"]
[Site "Trinec"]
[Date "1972.??.??"]
[Round "13"]
[White "Plachetka, Jan"]
[Black "Jankovec, Ivan"]
[Result "1-0"]
[WhiteElo "2370"]
[BlackElo "2320"]

1.d4 f5 2.g3 Nf6 3.Bg2 g6 4.Nf3 Bg7 5.O-O O-O 6.c4 d6 7.Nc3 c6 8.Qd3 Qc7
9.Bf4 Nh5 10.Bd2 e5 11.e4 f4 12.c5 exd4 13.cxd6 Qxd6 14.e5 Qd8 15.Qc4+ Kh8
16.Ne4 Qd5 17.Qxd5 cxd5 18.Nd6 fxg3 19.fxg3 Nc6 20.Rae1 Bf5 21.e6 Bf6 22.Ng5 Ne7
23.Ngf7+ Kg7 24.Bh6+ Kg8 25.Bxf8 Kxf8 26.Nxf5 gxf5 27.Nd6 Ng7 28.Bh3 d3 29.Nxf5 Nc6
30.Ne3 Ne8 31.Nxd5 Kg7 32.Nxf6 Nxf6 33.Re3 Rd8 34.Rd1 d2 35.e7  1-0

[Event "FRG-ch International"]
[Site "Dortmund"]
[Date "1973.??.??"]
[Round "11"]
[White "Keene, Raymond D"]
[Black "Ciocaltea, Victor"]
[Result "1/2-1/2"]
[WhiteElo "2435"]
[BlackElo "2470"]

1.Nf3 g6 2.c4 Bg7 3.d4 f5 4.g3 Nf6 5.Bg2 O-O 6.O-O d6 7.d5 c6 8.Nc3 e5 9.dxe6 Bxe6
10.b3 h6 11.Ba3 Ne8 12.Qc2 Qa5 13.Bb2 Nd7 14.e3 Rd8 15.Ne2 Ne5 16.Rfd1 Nf6
17.Nf4 Bf7 18.Nd3 Nfd7 19.Rd2 Nxf3+ 20.Bxf3 Bxb2 21.Qxb2 Ne5 22.Bg2 Nxd3
23.Rxd3 Qe5 24.Qd4 Qxd4 25.Rxd4 Rd7 26.Rad1 Rfd8 27.e4 fxe4 28.Bh3 Re7 29.Rxd6 Rxd6
30.Rxd6 e3 31.Rd8+ Kg7 32.fxe3 Rxe3 33.Rd7 b5 34.cxb5 cxb5 35.Rxa7 Kf6 36.Ra6+ Ke7
37.Bf1 Be8 38.Kf2 Rc3 39.Be2 Rc2 40.Ke3 b4 41.Rb6 Rxa2 42.Rxb4 Bf7 43.Rb7+ Kf6
44.b4 Rb2 45.b5 Bd5 46.Rb6+ Ke5 47.Rxg6 Rb3+ 48.Kf2 Rb2 49.Rg4 Be4  1/2-1/2

[Event "BCF-ch"]
[Site "Eastbourne"]
[Date "1973.??.??"]
[Round "2"]
[White "Keene, Raymond D"]
[Black "Botterill, George Steven"]
[Result "1/2-1/2"]
[WhiteElo "2445"]
[BlackElo "2410"]

1.Nf3 f5 2.c4 Nf6 3.d4 g6 4.g3 Bg7 5.Bg2 O-O 6.O-O d6 7.d5 c6 8.Nc3 e5 9.dxe6 Bxe6
10.b3 Na6 11.Bb2 Qe7 12.Ng5 Nc5 13.Qc2 a5 14.Rad1 Bc8 15.Ba3 Re8 16.e3 Ng4
17.Nh3 Nxe3 18.fxe3 Qxe3+ 19.Kh1 Qxc3 20.Qxc3 Bxc3 21.Rxd6 Bb4 22.Bxb4 axb4
23.Rd2 Ne4 24.Rc2 Nc3 25.a4 Be6 26.Nf4 Rad8 27.a5 Bf7 28.a6 bxa6 29.Bxc6 Re5
30.Ra1 a5 31.Rb2 g5 32.Nh3 h6 33.Nf2 Bh5 34.Kg2 Kg7 35.h3 Kf6 36.g4 Bg6 37.gxf5 Bxf5
38.Bf3 Kg6 39.Ng4 Bxg4 40.hxg4 Rd4 41.Rf2 Kg7 42.Rb2 Kf8 43.Rh1 Kg7 44.Ra1 Kf8
45.Rh1 Rd6 46.Rf2 Ke7 47.Rhf1 Kd8 48.Ba8 Kc7 49.Rf7+ Kb6 50.Rb7+ Kc5 51.Rf2 Rd8
52.Rc7+ Kb6 53.Rc6+  1/2-1/2

[Event "CSR-ch"]
[Site "Luhacovice"]
[Date "1973.??.??"]
[Round "2"]
[White "Malich, Burkhard"]
[Black "Knezevic, Milorad"]
[Result "1/2-1/2"]
[WhiteElo "2490"]
[BlackElo "2410"]

1.c4 f5 2.Nf3 Nf6 3.g3 g6 4.Bg2 Bg7 5.O-O O-O 6.d4 d6 7.Nc3 c6 8.b3 Na6 9.Bb2 Bd7
10.e3 Qa5 11.a3 Rae8 12.b4 Qd8 13.Qb3 e5 14.b5 exd4 15.exd4 Nc7 16.a4 Ne6
17.Rad1 Qc7 18.Ba3 Ne4  1/2-1/2

[Event "CSR-ch"]
[Site "Luhacovice"]
[Date "1973.??.??"]
[Round "6"]
[White "Estevez, Guillermo"]
[Black "Knezevic, Milorad"]
[Result "0-1"]
[WhiteElo "2395"]
[BlackElo "2410"]

1.d4 f5 2.Nf3 Nf6 3.g3 g6 4.Bg2 Bg7 5.O-O O-O 6.c4 d6 7.d5 Na6 8.Nc3 Nc5
9.Be3 e6 10.Bxc5 dxc5 11.Qb3 exd5 12.cxd5 Kh8 13.Rad1 Qe7 14.Nd2 Ne8 15.Qa3 Rf6
16.Rfe1 Qf8 17.f4 Ra6 18.Qb3 Nd6 19.Nc4 Nxc4 20.Qxc4 Rb6 21.Nb5 Bd7 22.Nxc7 Rb4
23.Qd3 Rd8 24.e3 Rxb2 25.Qa3 c4 26.Qa5 Qb4 27.Qxb4 Rxb4 28.Ne6 Rc8 29.e4 fxe4
30.Rxe4 Bb2 31.Bf1 a5 32.a3 Bxa3 33.Ng5 Ra4 34.Nf7+ Kg7 35.Ne5 c3 36.Rxa4 Bxa4
37.Ra1 c2 38.Nd3 Bb5 39.Nc1 Bb2 40.Ra2 Bxc1  0-1

[Event "CSR-ch"]
[Site "Luhacovice"]
[Date "1973.??.??"]
[Round "8"]
[White "Smejkal, Jan"]
[Black "Knezevic, Milorad"]
[Result "1/2-1/2"]
[WhiteElo "2545"]
[BlackElo "2410"]

1.c4 f5 2.d4 Nf6 3.g3 g6 4.Bg2 Bg7 5.Nf3 O-O 6.O-O d6 7.Nc3 c6 8.d5 e5 9.dxe6 Bxe6
10.Qd3 Ne4 11.Nd4 Bf7 12.Nxe4 fxe4 13.Qxe4 d5 14.Qg4  1/2-1/2

[Event "IBM"]
[Site "Amsterdam"]
[Date "1974.??.??"]
[Round "10"]
[White "Langeweg, Kick"]
[Black "Lombardy, William James"]
[Result "1/2-1/2"]
[WhiteElo "2390"]
[BlackElo "2520"]

1.Nf3 f5 2.g3 Nf6 3.Bg2 g6 4.d4 Bg7 5.O-O O-O 6.c4 d6 7.Nc3 c6 8.d5 Qa5 9.Rb1 Qa6
10.b3 Bd7 11.Bb2 Qb6 12.Ne1 Na6 13.Nd3 e5 14.dxe6 Bxe6 15.e4 Rad8 16.Qd2 fxe4
17.Nxe4 Nxe4 18.Bxe4 Bxb2 19.Rxb2 Nc5  1/2-1/2

[Event "Nice olm fin-B"]
[Site "Nice"]
[Date "1974.??.??"]
[Round "3"]
[White "Lombard, Andre"]
[Black "Zwaig, Arne"]
[Result "1-0"]
[WhiteElo "2410"]
[BlackElo "2425"]

1.Nf3 f5 2.g3 Nf6 3.Bg2 g6 4.c4 Bg7 5.O-O O-O 6.d4 c6 7.b3 a5 8.Bb2 a4 9.b4 d5
10.Ne5 dxc4 11.Nxc4 Be6 12.Nbd2 Ra7 13.Qc2 Nbd7 14.a3 Qe8 15.Rac1 g5 16.e4 fxe4
17.Nxe4 Qh5 18.Nc5 Bh3 19.f3 b5 20.Ne3 Bxg2 21.Qxg2 Nd5 22.Nxd5 cxd5 23.Ne6 Rb8
24.f4 g4 25.f5 Nf6 26.Rc5 Rd7 27.Qe2 Rdb7 28.Qc2 Bh6 29.Bc1 Bxc1 30.Qxc1 h6
31.Qf4 Kh7 32.Rfc1 Qe8 33.Qe5 Rd7 34.Rc7 Kg8 35.Rxd7  1-0

[Event "Nice olm fin-A"]
[Site "Nice"]
[Date "1974.??.??"]
[Round "9"]
[White "Keene, Raymond D"]
[Black "Jansa, Vlastimil"]
[Result "1-0"]
[WhiteElo "2505"]
[BlackElo "2535"]

1.Nf3 f5 2.d4 Nf6 3.g3 g6 4.Bg2 Bg7 5.O-O O-O 6.c4 d6 7.d5 c5 8.Nc3 Na6 9.Rb1 Rb8
10.b3 Nc7 11.Bb2 a6 12.e3 b5 13.Ne2 a5 14.Nf4 a4 15.h4 axb3 16.axb3 bxc4
17.bxc4 Rb4 18.Nd2 Ba6 19.Qc2 Qd7 20.Nd3 Ra4 21.Ra1 Rxa1 22.Rxa1 Rb8 23.Bc3 Qc8
24.Nf4 Nd7 25.Bxg7 Kxg7 26.Qc3+ Kg8 27.e4 Ne5 28.Nd3 Nxd3 29.Qxd3 Qf8 30.Re1 Qf6
31.exf5 gxf5 32.Bh3 f4 33.Ne4 Qd4 34.Qxd4 cxd4 35.Bf1 Rb4 36.Nd2 Kf7 37.Re4 fxg3
38.fxg3 d3 39.Rf4+ Kg7 40.Rg4+ Kf6 41.Rf4+ Kg7 42.Kf2 e6 43.dxe6 Nxe6 44.Rg4+ Kf6
45.Bxd3 d5 46.Bxh7 dxc4 47.Ke3 Ra4 48.Bd3 Ng7 49.Rg6+ Kf7 50.Rxa6 Rxa6 51.Bxc4+ Re6+
52.Kf4 Kf6 53.Bxe6 Nxe6+ 54.Kg4 Nc5 55.Kh5 Kg7 56.g4 Nd7 57.Kg5 Ne5 58.Kf5 Ng6
59.Nf3 Kh6 60.Kf6 Nf4 61.Nd4  1-0

[Event "Rimavska Sobota"]
[Site "Rimavska Sobota"]
[Date "1974.??.??"]
[Round "12"]
[White "Farago, Ivan"]
[Black "Knezevic, Milorad"]
[Result "1/2-1/2"]
[WhiteElo "2475"]
[BlackElo "2420"]

1.d4 f5 2.g3 Nf6 3.Bg2 g6 4.Nf3 Bg7 5.O-O O-O 6.c4 d6 7.Nc3 c6 8.d5 e5 9.dxe6 Bxe6
10.Qd3 Ne4 11.Nd4 Bf7 12.Nxe4 fxe4 13.Qxe4 d5  1/2-1/2

[Event "SWE-ch"]
[Site "?"]
[Date "1974.??.??"]
[Round "3"]
[White "Karlsson, Lars"]
[Black "Ekenberg, Bengt"]
[Result "0-1"]
[WhiteElo "2200"]
[BlackElo "2280"]

1.d4 f5 2.Nf3 g6 3.g3 Nf6 4.Bg2 Bg7 5.O-O O-O 6.c4 d6 7.Nc3 c6 8.Qc2 Na6
9.a3 Nh5 10.e4 f4 11.d5 e5 12.dxe6 Bxe6 13.Ne2 fxg3 14.fxg3 Qb6+ 15.Kh1 Qc5
16.Nf4 Qxc4 17.Qxc4 Bxc4 18.Re1 Nxf4 19.Bxf4 Bxb2 20.Rab1 Bxa3 21.Rxb7 Rf7
22.Rxf7 Kxf7 23.e5 d5 24.e6+ Kg8 25.Ne5 Bb5 26.Bg5 Re8 27.Nd7 Be7 28.Be3 Nb4
29.Bxa7 Nd3 30.Rf1 Bd8 31.Bd4 c5 32.Nxc5 Nxc5 33.Bxd5 Nxe6 34.Rb1 Bd3 35.Rb7 Be4+
36.Bxe4 Nxd4 37.Bd5+ Kh8 38.Rd7 Bf6 39.Rb7 Nf5  0-1

[Event "SWE-ch"]
[Site "?"]
[Date "1974.??.??"]
[Round "3"]
[White "Nordstrom, Felix"]
[Black "Niklasson, Christer"]
[Result "0-1"]
[WhiteElo "2325"]
[BlackElo "2200"]

1.d4 f5 2.g3 Nf6 3.Bg2 g6 4.Nf3 Bg7 5.O-O O-O 6.c4 d6 7.Nc3 c6 8.d5 e5 9.dxe6 Bxe6
10.Qd3 Na6 11.Bf4 Ne4 12.Nxe4 fxe4 13.Qxe4 Nc5 14.Qc2 Bf5 15.Qd2 Ne4 16.Qe3 Re8
17.Qa3 Qb6 18.Bc1 d5 19.Qb3 Nc5 20.Qa3 Rad8 21.cxd5 cxd5 22.Be3 d4 23.Bg5 Rc8
24.b4 Ne4 25.Rac1 Nc3 26.Kh1 Rxe2 27.Bd2 h6 28.Qb2 Be4 29.Rfe1 Qc6 30.Rxe2 Bxf3
31.Bxc3 Bxg2+ 32.Kg1 dxc3 33.Qb3+ Kh7 34.Re3 Bh3 35.f3 Qb6  0-1

[Event "DEN-ch"]
[Site "Copenhagen"]
[Date "1975.??.??"]
[Round "8"]
[White "Hoi, Carsten"]
[Black "Kjaerbye, Michael"]
[Result "1-0"]
[WhiteElo "2200"]
[BlackElo "2200"]

1.d4 f5 2.c4 Nf6 3.g3 g6 4.Bg2 Bg7 5.Nf3 O-O 6.O-O d6 7.Nc3 Nc6 8.d5 Na5
9.Qd3 c5 10.Bd2 a6 11.b3 Rb8 12.Rad1 Bd7 13.Ng5 b5 14.e4 bxc4 15.bxc4 Ng4
16.exf5 Ne5 17.Qe4 Bxf5 18.Qh4 h6 19.Ne6 g5 20.Bxg5 hxg5 21.Qxg5 Bxe6 22.dxe6 Nf3+
23.Bxf3 Rxf3 24.Nd5 Nc6 25.Rb1 Rxb1 26.Rxb1 Qf8 27.Rb6 Rf5 28.Qg6 Nd4 29.Rb7 Ne2+
30.Kg2 Rxf2+ 31.Kh3 Ng1+ 32.Kg4 Qf3+ 33.Kg5 Qxd5+ 34.cxd5 Nf3+ 35.Kf4 Ne5+
36.Ke3 Nxg6 37.Kxf2 Bd4+ 38.Ke2 Kg7 39.Kd3 Kf6 40.Ke4 a5 41.Rb5 Bc3 42.Rb3 Bd2
43.Rd3 Bc1 44.Rf3+ Kg5 45.h4+ Kh6 46.Rf7 Bb2 47.g4 Nxh4 48.Rxe7  1-0

[Event "FRG-ch International"]
[Site "Mannheim"]
[Date "1975.??.??"]
[Round "7"]
[White "Lombard, Andre"]
[Black "Eising, Johannes"]
[Result "1/2-1/2"]
[WhiteElo "2420"]
[BlackElo "2415"]

1.d4 f5 2.g3 Nf6 3.Bg2 g6 4.Nf3 Bg7 5.O-O O-O 6.c4 d6 7.Nc3 c6 8.d5 cxd5
9.cxd5 Na6 10.Be3 Bd7 11.Bd4 Nc5 12.Rc1 Qa5 13.a3 Na4 14.Ng5 Rac8 15.Nxa4 Bxa4
16.Qe1 Qxe1 17.Rfxe1 Bh6 18.f4 Bxg5 19.fxg5 Ne4 20.Bxa7 Bb3 21.Bxe4 fxe4
22.Be3 Bxd5 23.Rxc8 Rxc8 24.Rc1 Rc4 25.Rxc4 Bxc4 26.Kf2 Kf7 27.Bb6 Ke6 28.e3 Kd5
29.Ke1 Bd3 30.Bd8 e6 31.Be7  1/2-1/2

[Event "SWE-ch"]
[Site "?"]
[Date "1975.??.??"]
[Round "?"]
[White "Ek, Hans"]
[Black "Kaiszauri, Konstanty"]
[Result "1/2-1/2"]
[WhiteElo "2345"]
[BlackElo "2345"]

1.d4 f5 2.Nf3 g6 3.g3 Nf6 4.Bg2 Bg7 5.O-O O-O 6.c4 d6 7.Nc3 c6 8.Qd3 Na6
9.a3 Qe8 10.e4 e5 11.dxe5 dxe5 12.Be3 f4 13.Bd2 Nc5 14.Qc2 Bg4 15.h3 Bxf3
16.Bxf3 Qe6 17.b4 Ncd7 18.Kg2 Qxc4 19.Be2 Qf7 20.g4 Rfd8 21.Na4 Qe7 22.Bc3 Ne8
23.Rad1 Nc7 24.Rd2 Kh8 25.Rfd1 Ne6 26.Nc5 Ndxc5 27.Rxd8+ Rxd8 28.Rxd8+ Nxd8
29.bxc5 Qxc5 30.Qd2 Ne6 31.Qd7 Nf8 32.Qf7 f3+ 33.Qxf3 Qxa3 34.Qf7 b5 35.Bd1 Nd7
36.Qxd7 Qf8 37.Bb3 b4 38.Bd2 c5 39.Qd5 a5 40.f4 exf4  1/2-1/2

[Event "SWE-ch"]
[Site "?"]
[Date "1975.??.??"]
[Round "?"]
[White "Svensson, Gert"]
[Black "Niklasson, Christer"]
[Result "1-0"]
[WhiteElo "2200"]
[BlackElo "2425"]

1.d4 f5 2.g3 Nf6 3.Bg2 g6 4.Nf3 Bg7 5.O-O O-O 6.c4 d6 7.Nc3 c6 8.d5 e5 9.dxe6 Bxe6
10.Qd3 Na6 11.Bf4 Ne4 12.Nd4 Bf7 13.Nxe4 fxe4 14.Qd2 Bxc4 15.Bxe4 Qf6 16.Be3 Rae8
17.Bf3 Nc7 18.Rac1 Bf7 19.Rfd1 d5 20.b4 Qd6 21.a4 Re7 22.Rc2 Rfe8 23.Bf4 Be5
24.Bxe5 Rxe5 25.Rdc1 Ne6 26.b5 Nd8 27.bxc6 Nxc6 28.Nxc6 bxc6 29.Rxc6 Qa3
30.Qd4 a5 31.Rc8 Qe7 32.R1c7 Qg5 33.Qa7 Rxc8 34.Rxc8+ Kg7 35.Qxa5 d4 36.Qb4 d3
37.Qf8+ Kf6 38.Rc6+ Re6 39.Qd8+  1-0

[Event "Hoogovens-B"]
[Site "Wijk aan Zee"]
[Date "1975.??.??"]
[Round "2"]
[White "Vadasz, Laszlo"]
[Black "Ek, Hans"]
[Result "1-0"]
[WhiteElo "2460"]
[BlackElo "2345"]

1.c4 f5 2.Nf3 Nf6 3.g3 g6 4.Bg2 Bg7 5.d4 O-O 6.O-O d6 7.Nc3 c6 8.Qd3 Qc7
9.c5 Na6 10.Bf4 Nh5 11.Qc4+ Kh8 12.cxd6 exd6 13.d5 Nxf4 14.Qxf4 Bd7 15.dxc6 Bxc6
16.Rad1 Qb6 17.Rd2 Nc5 18.Qh4 Bf6 19.Ng5 Qc7 20.Qf4 Qe7 21.h4 Be5 22.Qc4 Bxg3
23.b4 Nd7 24.Qe6 Qg7 25.fxg3 Qxc3 26.Bxc6 bxc6 27.Rd3 Qg7 28.Qxd6 Nf6 29.Ne6 Qf7
30.Nxf8 Rxf8 31.Rfd1 Re8 32.Qxc6 Rxe2 33.Qc3 Re7 34.Rd6 Kg7 35.Rc6 Re6 36.Rc7 Re7
37.Rc1 Kh6 38.Qd2+ Kh5 39.Qg5+  1-0

[Event "Halle 10th (Women)"]
[Site "Halle"]
[Date "1976.??.??"]
[Round "1"]
[White "Szmacinska, Grazyna"]
[Black "Zahorovska, Renata"]
[Result "1-0"]
[WhiteElo "2070"]
[BlackElo "2000"]

1.d4 f5 2.c4 Nf6 3.Nf3 g6 4.g3 Bg7 5.Bg2 O-O 6.O-O d6 7.Nc3 c6 8.d5 Qa5 9.Re1 Qa6
10.Qb3 cxd5 11.cxd5 Nbd7 12.a4 Nc5 13.Qd1 Bd7 14.Nd4 Qc4 15.e3 Nfe4 16.Nxe4 Nxe4
17.Nf3 Rac8 18.Nd2 Nxd2 19.Qxd2 Qc2 20.Qb4 b6 21.Bf1 Qc5 22.Qd2 a5 23.Ra3 Rc7
24.e4 Bd4 25.Rd1 fxe4 26.Qxd4 Qxd4 27.Rxd4 Rxc1 28.Rc3 Ra1 29.Kg2 Rxa4 30.Rd2 Ra1
31.Rc7 Bh3+ 32.Kxh3 Rxf1 33.Kg2 Rb1 34.Rxe7 Rc8 35.Rxe4 Rcc1 36.Rd3 Rc2 37.Rb3 Rc5
38.Rxb6 Rxd5 39.Re7 Kf8 40.Rxh7  1-0

[Event "ENG-URS m"]
[Site "London"]
[Date "1976.??.??"]
[Round "?"]
[White "Goodman, David SC"]
[Black "Kortschnoj, Viktor"]
[Result "1/2-1/2"]
[WhiteElo "2230"]
[BlackElo "2670"]

1.d4 f5 2.Nf3 Nf6 3.g3 g6 4.Bg2 Bg7 5.O-O O-O 6.c4 d6 7.d5 c6 8.Nc3 e5 9.e4 Na6
10.exf5 Bxf5 11.Ng5 Rc8 12.Nge4 Nxe4 13.Nxe4 c5 14.Ng5 Nc7 15.a4 Qd7 16.Be3 Kh8
17.Qd2 Rce8 18.Ne4 Re7 19.f3 Bxe4 20.fxe4 Ref7 21.b3 Ne8 22.Rxf7 Rxf7 23.Qe2 h5
24.Rf1 Rxf1+ 25.Qxf1 Nf6 26.Bg5 Ng4 27.Bh3 Kh7 28.Qf3 b6 29.Qe2 Bh6 30.Bxh6 Kxh6
31.Bxg4 hxg4 32.Qe3+ g5 33.Qf2 Kg7 34.Kf1 Qc8 35.Ke2 Kg6 36.Kd3  1/2-1/2

[Event "Lone Pine"]
[Site "Lone Pine"]
[Date "1976.??.??"]
[Round "6"]
[White "Martinovsky, Eugene"]
[Black "Taylor, Timothy"]
[Result "0-1"]
[WhiteElo "2200"]
[BlackElo "2200"]

1.Nf3 f5 2.d4 Nf6 3.c4 g6 4.g3 Bg7 5.Bg2 O-O 6.O-O d6 7.b3 e5 8.Bb2 e4 9.Nfd2 Nc6
10.e3 Nb4 11.Bc3 Nd3 12.f3 d5 13.cxd5 Nxd5 14.Qe2 Nxc3 15.Nxc3 Bxd4 16.exd4 Qxd4+
17.Kh1 Qxc3 18.fxe4 f4 19.e5 Bf5 20.Bxb7 Rae8 21.gxf4 Kg7 22.Qe3 c6 23.Ba6 Rd8
24.Rac1 Qa5 25.Rxc6 Nb4 26.Qxa7+ Rf7 27.Qc5 Qxc5 28.Rxc5 Nxa6 29.Ra5 Rxd2
30.Re1 Bc8 31.e6 Bb7+ 32.Kg1 Rg2+ 33.Kf1 Rxf4+  0-1

[Event "IBM-B"]
[Site "Amsterdam"]
[Date "1977.??.??"]
[Round "10"]
[White "Langeweg, Kick"]
[Black "Zwaig, Arne"]
[Result "1-0"]
[WhiteElo "2445"]
[BlackElo "2450"]

1.Nf3 f5 2.d4 Nf6 3.g3 g6 4.Bg2 Bg7 5.O-O O-O 6.c4 c6 7.Nc3 Ne4 8.Qc2 d5
9.cxd5 cxd5 10.Bf4 Nc6 11.Rfd1 Be6 12.Rac1 Rc8 13.Qb3 Na5 14.Qb4 Rc4 15.Qa3 Nc6
16.e3 Nxc3 17.Rxc3 Rxc3 18.Qxc3 Qd7 19.Rc1 Bf7 20.b4 a6 21.Qc5 Rc8 22.Qb6 Na7
23.Rc5 Rxc5 24.Qxc5 Nc8 25.Ne5 Bxe5 26.Bxe5 e6 27.Bf1 Be8 28.a4 h6 29.b5 b6
30.Qc1 a5 31.e4 Kh7 32.exd5 exd5 33.Bg2 Bf7 34.h4 h5 35.Bf4 Be6 36.Qa3 Qe7
37.Qe3 Bf7 38.Qc3 Qd7 39.Bf1 Be8 40.Be2 Qd8 41.Bf3 Kg8 42.Be5 Bf7 43.Qc1 Kh7
44.Qc6 Kg8 45.Bxd5  1-0

[Event "DSV-Turnier"]
[Site "Leipzig"]
[Date "1977.??.??"]
[Round "2"]
[White "Petrosian, Arshak B"]
[Black "Casper, Thomas"]
[Result "1/2-1/2"]
[WhiteElo "2345"]
[BlackElo "2315"]

1.Nf3 f5 2.g3 Nf6 3.d4 g6 4.Bg2 Bg7 5.O-O O-O 6.c4 d6 7.Nc3 c6 8.d5 e5 9.dxe6 Bxe6
10.b3 Na6 11.Be3 Qe7 12.Rc1 h6 13.Qd2 Kh7 14.Rfd1 Rfd8 15.Bd4 Bg8 16.Qc2 Nc5
17.h3 Ne6 18.Be3 Nd7 19.Nd4 Ndf8 20.h4 f4 21.Nxe6 Nxe6 22.gxf4 Qxh4 23.f5 gxf5
24.Qxf5+ Kh8 25.Qh3 Qxh3 26.Bxh3 Ng5 27.Bg2 Bh7 28.Bd4 Be5 29.e3 Ne6 30.Bxe5+ dxe5
31.Ne4 Rxd1+ 32.Rxd1 Rd8 33.Rd6 Rxd6 34.Nxd6 Nd8 35.c5 Bg8 36.Bh3 Kg7 37.Kh2 Kf6
38.Nc8 Ne6 39.b4 a5 40.a3 axb4 41.axb4 Nc7 42.Nd6 Na6  1/2-1/2

[Event "Lone Pine"]
[Site "Lone Pine"]
[Date "1977.??.??"]
[Round "6"]
[White "Frey, Kenneth"]
[Black "Henley, Ron W"]
[Result "1-0"]
[WhiteElo "2390"]
[BlackElo "2200"]

1.d4 f5 2.Nf3 Nf6 3.g3 g6 4.Bg2 Bg7 5.O-O O-O 6.c4 d6 7.Nc3 Nc6 8.d5 Ne5
9.Qb3 Ned7 10.Be3 Nc5 11.Qc2 a5 12.Rad1 Bd7 13.Bxc5 dxc5 14.Ne5 Ne8 15.Nc6 bxc6
16.dxc6 Nd6 17.cxd7 Qxd7 18.Bxa8 Rxa8 19.Na4 Qc6 20.Rd5 Bd4 21.e3 Bf6 22.Rxc5 Qb7
23.Rd1 Qf3 24.Rxd6 cxd6 25.Rb5 h5 26.Qd2 e6 27.Qxd6 h4 28.Qxe6+ Kg7 29.Qd7+ Kh6
30.Rb7 Rh8 31.Qd5 Qe2 32.Nc5 Qe1+ 33.Kg2 h3+ 34.Kf3 Qh1+ 35.Ke2 Qxh2 36.Qd6 Bg5
37.Qe5 Rd8 38.Qg7+ Kh5 39.Qh7+ Bh6 40.Nd7 Qh1 41.Nf6+ Kg5 42.f4+  1-0

[Event "Buenos Aires ol (Women)"]
[Site "Buenos Aires"]
[Date "1978.??.??"]
[Round "?"]
[White "Muresan, Margareta"]
[Black "Van Parreren, Hanneke"]
[Result "1/2-1/2"]
[WhiteElo "2135"]
[BlackElo "2020"]

1.Nf3 f5 2.d4 Nf6 3.g3 g6 4.c4 Bg7 5.Bg2 O-O 6.O-O d6 7.d5 c6 8.Nc3 e5 9.dxe6 Bxe6
10.Qd3 Na6 11.Bf4 Qb6 12.Na4 Qa5 13.Ng5 Rfe8 14.Nxe6 Rxe6 15.Nc3 Rae8 16.Rad1 Nc5
17.Qc2 Nfe4 18.Nxe4 Nxe4 19.a3 Qb6 20.Bxe4 Rxe4 21.Rd2 Qc5 22.Bxd6 Qxc4 23.e3 Qxc2
24.Rxc2 Rd8 25.Bb4 Rd3 26.Bd2 Re7 27.Re1 Red7 28.Bc1 R7d5 29.Kg2 Rb3 30.h3 h5
31.Ree2 Kf7 32.e4 fxe4 33.Rxe4 Rd4 34.Re3 Rdd3  1/2-1/2

[Event "Buenos Aires ol (Women)"]
[Site "Buenos Aires"]
[Date "1978.??.??"]
[Round "?"]
[White "Merlini, Milinka"]
[Black "Landry Vuorenpaa, Sirkka"]
[Result "1-0"]
[WhiteElo "2045"]
[BlackElo "2000"]

1.d4 f5 2.Nf3 Nf6 3.g3 g6 4.Bg2 Bg7 5.O-O O-O 6.c4 c6 7.Nc3 d5 8.cxd5 cxd5
9.Qb3 e6 10.Bg5 Nc6 11.Rfd1 h6 12.Bf4 Nh5 13.Bd2 Kh7 14.e3 Bf6 15.a3 Ng7
16.Rac1 Ne8 17.h3 Nd6 18.Nh2 Na5 19.Qa2 Nac4 20.b3 Nxd2 21.Rxd2 Bd7 22.Rdc2 Rc8
23.a4 a6 24.Ne2 Rxc2 25.Qxc2 Qe7 26.Qd2 Rc8 27.Rxc8 Bxc8 28.Qc2 Qd7 29.Qc5 Qc6
30.Qxc6 bxc6 31.f4 a5 32.Nc1 Ba6 33.Kf2 Ne4+ 34.Bxe4 dxe4 35.Nf1 Bd8 36.Nd2 Kg7
37.Nc4 Kf6 38.Ne2 Bc7 39.Nc3 g5 40.Nb1 Ke7 41.Nbd2 Kf6 42.Ne5 Bxe5 43.dxe5+ Kg6
44.Ke1 h5 45.Kd1 Bd3 46.h4 g4 47.Kc1 Kf7 48.Kb2 Ke7 49.Kc3 Kd7 50.Nc4 Bxc4
51.Kxc4 Kc8 52.b4 axb4 53.Kxb4 Kb7 54.Kc5 Kc7 55.a5 Kb7 56.a6+ Kxa6 57.Kxc6 Ka5
58.Kd6 Kb4 59.Kxe6 Kc4 60.Kxf5 Kd3 61.e6 Kxe3 62.e7 Kf3 63.e8=Q e3 64.Qxh5  1-0

[Event "Buenos Aires ol (Women)"]
[Site "Buenos Aires"]
[Date "1978.??.??"]
[Round "?"]
[White "Herstein, Ruth"]
[Black "Arias, Julia"]
[Result "1-0"]
[WhiteElo "2080"]
[BlackElo "1980"]

1.Nf3 g6 2.g3 Bg7 3.d4 f5 4.Bg2 Nf6 5.O-O O-O 6.c4 d6 7.b3 c6 8.Bb2 Na6 9.Nc3 Qc7
10.d5 Ne4 11.Nd4 Nxc3 12.Bxc3 c5 13.Nb5 Qd8 14.Qd2 Bd7 15.Bxg7 Kxg7 16.Nc3 Qe8
17.e4 Qf7 18.f4 Qf6 19.Rae1 Qd4+ 20.Rf2 Qxd2 21.Rxd2 fxe4 22.Nxe4 h6 23.Rde2 Rf7
24.Nf2 Re8 25.Ne4 Kf8 26.Nc3 Nc7 27.Be4 Rf6 28.Bd3 a6 29.Ne4 Rf7 30.Nxc5 dxc5
31.Bxg6 b5 32.Re5 Rg7 33.Bxe8 Nxe8 34.cxb5 axb5 35.Rc1 c4 36.bxc4 bxc4 37.Rxc4 Nd6
38.Rc7 Bb5 39.Kf2 Rf7 40.Ra7 Bc4 41.a4 Ke8 42.Kf3 Kd8 43.Ke3 Nc8 44.Ra8 Kc7
45.Kd4 Bf1 46.Ra5 Kb6 47.Rc5 Nd6 48.Rc1 Bh3 49.Rh5 Nf5+ 50.Ke5 Bg4 51.Rc6+ Ka5
52.Rhxh6 Nxh6 53.Rxh6 Kxa4 54.h3 Bd7 55.g4 Kb5 56.f5 Kc5 57.Ra6 Rh7 58.Ra3 Bb5
59.g5 Rh4 60.Rc3+ Bc4 61.g6 Rd4 62.Rxc4+ Kxc4 63.g7 Rxd5+ 64.Ke6 Rd8 65.Kxe7 Ra8
66.f6 Ra7+ 67.Kf8 Ra8+ 68.Kf7 Ra7+ 69.Kg6 Ra8 70.f7  1-0

[Event "CAN-ch/zt"]
[Site "Toronto"]
[Date "1978.??.??"]
[Round "1"]
[White "Berry, Jonathan"]
[Black "Spraggett, Kevin"]
[Result "1/2-1/2"]
[WhiteElo "2320"]
[BlackElo "2450"]

1.Nf3 f5 2.g3 Nf6 3.Bg2 g6 4.O-O Bg7 5.d4 O-O 6.c4 d6 7.Nc3 c6 8.Rb1 Ne4
9.Nxe4 fxe4 10.Ne1 d5 11.Nc2 Nd7 12.b4 Nb6 13.c5 Nc4 14.Ne3 Nxe3 15.Bxe3 e5
16.Qd2 Bf5 17.Rb2 Qd7 18.a4 a6 19.h4 Bh3 20.dxe5 Bxe5 21.Bd4 Bxg2 22.Kxg2 Rae8
23.b5 axb5 24.axb5 Qg4 25.Bxe5 Rxe5 26.bxc6 bxc6 27.Qd4 Re7 28.Rfb1 Ref7
29.Rb7 Rxf2+ 30.Qxf2 Rxf2+ 31.Kxf2 e3+ 32.Kg2 Qxe2+ 33.Kh3 Qf2 34.Ra1 Qf5+
35.Kh2 Qf2+ 36.Kh3 Qf5+ 37.Kh2  1/2-1/2